| 000 | 01627nam a2200325 i 4500 | ||
|---|---|---|---|
| 001 | 129294 | ||
| 003 | ES-MaACL | ||
| 005 | 20250802062553.0 | ||
| 007 | t| | ||
| 008 | 070612m19681974sp |||| | spa d | ||
| 080 | _a821.134.2(082.2) | ||
| 080 | _a821.134.2(7/8)(082.2) | ||
| 245 | 0 | 0 |
_aTesoro breve de las letras hispánicas / _c[selección por] Guillermo Díaz-Plaja |
| 260 |
_aMadrid : _bEmesa [Magisterio Español], _c[1968-1974] |
||
| 300 |
_a11 volúmenes ; _c18 cm |
||
| 490 | 1 |
_aNovelas y cuentos _9179596 |
|
| 505 | 0 | _aSerie castellana: I. De las jarchas a Juan del Encina - II. De La Celestina a Cervantes - III. De Lope de Vega a Gracián - IV. De Feijoo a Bécquer - V. De Fernán Caballero a Miguel Hernández - Serie mosaico español: VI. Literatura vasca - VII. Literatura gallega - VIII. Literaturas catalana, valenciana y balear - Serie Ultramar: IX. Literatura hispanoamericana: De Colón a Sor Juana Inés de la Cruz - Serie Ultramar 2: X. Neoclasicismo. Romanticismo. Costumbrismo - Serie Ultramar 3: XI. Pensamiento. Realismo. Modernismo | |
| 650 | 7 |
_aLiteratura española _2embne _914539 |
|
| 650 | 7 |
_aLiteratura vasca _9172773 _2embne |
|
| 650 | 4 |
_aLiteratura gallega. _9172774 |
|
| 650 | 7 |
_aLiteratura catalana _2embne _9172775 |
|
| 650 | 7 |
_aLiteratura valenciana _2embne _9172776 |
|
| 650 | 7 |
_aLiteratura hispanoamericana _2embne _914602 |
|
| 700 | 1 |
_aDíaz-Plaja, Guillermo, _d1909-1984 _epbl _9162428 |
|
| 830 | 0 |
_aNovelas y cuentos _9179596 |
|
| 852 |
_aES-MaACL _cDEPO2 _jP-1351 |
||
| 942 |
_2udc _cMONOGRAFIA _n0 |
||
| 999 |
_c129294 _d129294 |
||